Statistics for Most Significant US Presidents

Click here to take the quiz!

General Stats

  • This quiz has been taken 821 times
  • The average score is 13 of 15

Answer Stats

NumberAnswer% Correct
1Abraham Lincoln
100%
2George Washington
99%
8Franklin D. Roosevelt
98%
4Theodore Roosevelt
97%
3Thomas Jefferson
92%
13John. F Kennedy
91%
7George W. Bush
90%
6Ronald Reagan
89%
11John Adams
86%
9Woodrow Wilson
83%
15Harry S. Truman
82%
14Richard Nixon
80%
12Andrew Jackson
79%
10James Madison
75%
5Ulysses S. Grant
71%

Score Distribution

Percentile by Number Answered

Percent of People with Each Score

Your Score History

You have not taken this quiz